| 000 | 00684nam a2200217 a 4500 | ||
|---|---|---|---|
| 001 | 8193 | ||
| 003 | CO-ViMGA | ||
| 008 | 141112s2004 ck r 000 u spa d | ||
| 020 | _a9589232361 | ||
| 040 |
_aCO-ViMGA _bspa _cCO-ViMGA |
||
| 082 | 0 | 4 | _a303.372 H26i |
| 100 | 1 |
_aHenriquez, Cecilia _97968 |
|
| 245 | 1 | 0 |
_aImperio y Ocaso del Sagrado Corazon en Colombia / _cHenriquez Cecilia |
| 260 |
_aBogotá, _cAltamir, _c1996 |
||
| 300 | _a181 p. | ||
| 590 | _aForma de adquisición : donacion - - Proveedor : Luis Ángel Arango | ||
| 650 | 1 | 4 |
_areligion _97969 |
| 650 | 1 | 4 |
_asagrado corazon de Jesus - culto _97970 |
| 650 | 1 | 4 |
_asimbolismo cristiano - colombia _97971 |
| 942 |
_2ddc _cBK |
||
| 999 |
_c20005 _d20005 |
||